000 00824nam a2200265Ia 4500
003 OSt
005 20220927105330.0
006 a|||||r|||| 00| 0
007 ta
008 220926b |||||||| |||| 00| 0 eng d
020 _a9789211169621
024 _a188839
037 _cReference Collections
040 _aRTL
_cRTL
_beng
041 _2eng
_aeng
082 _a"X9(D26).4, P7/UN"
110 _a"UNITED NATIONS, ECONOMIC COMMISSION FOR EUROPE."
245 0 _aDam safety in central Asia
_b Capacity-building and regional cooperation.
260 _aNew
_bYork United Nations
_c2007
300 _a"vii, 74p"
_ccm.
490 _aWater Series No. 5
700 _a"UNITED NATIONS, ECONOMIC COMMISSION FOR EUROPE."
942 _h"X9(D26).4, P7/UN"
_cCC
999 _c691888
_d691888